| 000 | 00579nam a2200193 a 4500 | ||
|---|---|---|---|
| 005 | 20210223120755.0 | ||
| 008 | 991125s1969 mx 000 0 spa u | ||
| 035 | _aUPN01000006811 | ||
| 049 | _aCG | ||
| 050 | 4 |
_aHC336.2 _bP4.28 |
|
| 100 | 1 | _aPerlo, Víctor | |
| 245 | 1 | 3 |
_aLa carrera económica USA-URSS / _cVíctor Perlo ; tr. Guillermo Gayá Nicolau. |
| 260 |
_aMéxico : _bGrijalbo, _c1969. |
||
| 300 | _a152 p. | ||
| 440 | 0 |
_aColección 70 ; _v41 |
|
| 651 | 4 |
_aESTADOS UNIDOS - _xCONDICIONES ECONOMICAS _923002 |
|
| 651 | 4 |
_aRUSIA - _xCONDICIONES ECONOMICAS |
|
| 905 | _aLibro | ||
| 999 |
_c6811 _d6811 |
||